Early life and thought of Kita Ikki (Record no. 1075425)

MARC details
000 -LEADER
fixed length control field 00860nam a2200289Ia 4500
003 - CONTROL NUMBER IDENTIFIER
control field OSt
005 - DATE AND TIME OF LATEST TRANSACTION
control field 20221006142838.0
008 - FIXED-LENGTH DATA ELEMENTS--GENERAL INFORMATION
fixed length control field 221006b |||||||| |||| 00| 0 eng d
037 ## - SOURCE OF ACQUISITION
Terms of availability Theseses
040 ## - CATALOGING SOURCE
Original cataloging agency EASL
Transcribing agency EASL
Language of cataloging eng
041 ## - LANGUAGE CODE
Source of code eng
Language code of text/sound track or separate title eng
100 ## - MAIN ENTRY--PERSONAL NAME
Personal name MARTIN Harris Inwood
9 (RLIN) 648532
110 ## - MAIN ENTRY--CORPORATE NAME
Corporate name or jurisdiction name as entry element STANFORD UNIVERSITY. DEPARTMENT OF HISTORY
9 (RLIN) 648533
245 #0 - TITLE STATEMENT
Title Early life and thought of Kita Ikki
Remainder of title A dissertation
260 ## - PUBLICATION, DISTRIBUTION, ETC.
Place of publication, distribution, etc. London
Name of publisher, distributor, etc. University Micofilms International
Date of publication, distribution, etc. 1959
300 ## - PHYSICAL DESCRIPTION
Extent 233p.
Dimensions cm.
490 ## - SERIES STATEMENT
Volume/sequential designation Th
500 ## - GENERAL NOTE
General note Thesis Copy
700 ## - ADDED ENTRY--PERSONAL NAME
Personal name STANFORD UNIVERSITY. DEPARTMENT OF HISTORY
9 (RLIN) 648534
942 ## - ADDED ENTRY ELEMENTS (KOHA)
Classification part V42y7M83, J9
Koha item type Dissertations
Source of classification or shelving scheme Colon Classification (CC)
Holdings
Withdrawn status Lost status Source of classification or shelving scheme Damaged status Not for loan Home library Current library Date acquired Cost, normal purchase price Serial Enumeration / chronology Total Checkouts Full call number Barcode Date last seen Cost, replacement price Price effective from Koha item type
    Colon Classification (CC)     Department of East Asian Studies Library Department of East Asian Studies Library 2022-10-06 557.00 Th   V42y7M83 J9 EA0791786 2022-10-06 557.00 2022-10-06 Dissertations
Copyright @ Delhi University Library System